Śladami "Hubalczyków" /
Bewaard in:
| Hoofdauteur: | |
|---|---|
| Formaat: | Boek |
| Taal: | Pools |
| Gepubliceerd in: |
Lublin :
Wydawnictwo Lubelskie,
1971.
|
| Reeks: | Miniatury (Wydawnictwo Lubelskie)
|
| Onderwerpen: | |
| Tags: |
Geen labels, Wees de eerste die dit record labelt!
|
MARC
| LEADER | 00000nam a2200000 i 4500 | ||
|---|---|---|---|
| 001 | 991039041379705066 | ||
| 005 | 20260515100513.0 | ||
| 008 | 071218s1971 pl a |000 0 pol | ||
| 009 | b0000002044582 | ||
| 015 | |a UWD 1971/9543 | ||
| 035 | |a 991039041379705066 | ||
| 035 | |a (PL-WaBN)b20445829-48omnis_nlop | ||
| 035 | |a b20445829 | ||
| 035 | |a (OCoLC)831235288 | ||
| 035 | |a zz2003912294 | ||
| 035 | |a (PL)b0000002044582 | ||
| 035 | |a (EXLNZ-48OMNIS_NETWORK)9910220858005606 | ||
| 040 | |a WA N |c WA N | ||
| 080 | |a 943.8:323.2(438):355.48(438:430) | ||
| 100 | 1 | |a Derecki, Mirosław |d (1936-1998) | |
| 245 | 1 | 0 | |a Śladami "Hubalczyków" / |c Mirosław Derecki. |
| 260 | |a Lublin : |b Wydawnictwo Lubelskie, |c 1971. | ||
| 300 | |a 190, [2] s. : |b il. ; |c 18 cm. | ||
| 336 | |a Tekst |b txt |2 rdacontent | ||
| 337 | |a Bez urządzenia pośredniczącego |b n |2 rdamedia | ||
| 338 | |a Wolumin |b nc |2 rdacarrier | ||
| 380 | |a Książki | ||
| 490 | 1 | |a Miniatury | |
| 600 | 1 | 7 | |a Dobrzański, Henryk |d (1897-1940) |2 DBN |
| 648 | 7 | |a 1901-2000 |2 DBN | |
| 648 | 7 | |a 1939-1945 |2 DBN | |
| 650 | 7 | |a II wojna światowa (1939-1945) |2 DBN | |
| 650 | 7 | |a Wojna partyzancka |2 DBN | |
| 651 | 7 | |a Kielce (woj. świętokrzyskie ; okolice) |y 1939-1945 r. |2 DBN | |
| 651 | 7 | |a Polska |2 DBN | |
| 710 | 2 | |a Wydawnictwo Lubelskie |4 pbl | |
| 830 | 0 | |a Miniatury (Wydawnictwo Lubelskie) | |
| 942 | |2 z |c BK |n 0 | ||
| 952 | |0 0 |1 0 |2 z |4 0 |6 R103 |7 0 |9 23 |a WRO |b WRO |d 2014-07-19 |e da |g 10.00 |i WRO-103 |l 0 |o R.103 |p 2000100001035 |r 2026-05-14 10:26:00 |w 2014-07-19 |y BK | ||
| 999 | |c 23 |d 23 | ||